000 00904nam a2200265 i 4500
003 DO-SdBNP
005 20231123110936.0
007 ta
008 110413s2002 dr 000 j spa d
040 _aDO-SdBNP
_bspa
_cBNPHU
_erda
082 _bP592e
_222
100 _aPichardo, Alejandro
_9238
245 1 0 _aEutanasia :
_bVisión ético - jurídica /
_cAlejandro Pichardo ; prólogo Andrés Peralta Cornielle
264 1 _aSanto Domingo :
_bEdiciones Juridicas Trajano Potentini,
_c2002.
300 _a214 páginas
_c21 cm.
336 _2rdacontent
_atexto
_btxt
337 _2rdamedia
_asin mediación
_bn
338 _2rdacarrier
_avolumen
_bnc
500 _aIncluye datos biográficos del autor en la contraportada.
504 _aBibliografía p: 173-177.
590 _aInventariado, 2023/ YL
700 1 _aPeralta Cornielle, Andrés
_eprólogo
_9239
910 _aYLockward
942 _2ddc
_cLBS1
999 _c55571
_d55571